Statistiques concernant Anagrammes aléatoires de villes italiennes

Cliquez ici pour prendre le quiz!

Statistiques générales

  • Ce quiz a été pris 3 882 fois
    (3 564 depuis la dernière actualisation)
  • Le résultat moyen est 7 sur 20

Statistiques - réponses

Ville% Correct
Rome
94%
Pise
89%
Côme
88%
Milan
86%
Gênes
85%
Turin
82%
Bari
80%
Venise
77%
Parme
75%
Lecce
64%
Naples
64%
Verone
60%
Bologne
59%
Florence
56%
Palerme
52%
Modène
50%
Monza
50%
Rimini
50%
Cagliari
47%
Bergame
40%
Catane
38%
Padoue
38%
Syracuse
38%
Trente
38%
Sienne
37%
Trieste
34%
Asti
32%
Brindisi
27%
Pérouse
27%
Udine
27%
Foggia
26%
Ancône
25%
Ferrare
25%
Messine
23%
Brescia
19%
Pescara
19%
Prato
19%
Ravenne
18%
Tarente
18%
Bolzano
17%
Livourne
17%
Arezzo
16%
Marsala
16%
Novare
16%
Savone
16%
Forli
15%
Imola
15%
Lucques
12%
Raguse
11%
Salerne
11%
Olbia
10%
Potenza
10%
Sassari
10%
Latina
9%
Terni
9%
Vicence
9%
Pistoia
6%
Plaisance
6%
Sanremo
6%
Pesaro
4%
Riccione
3%
Andria
2%
Ercolano
2%

Distribution des résultats

Percentile par nombre de réponses

% des personnes avec chaque résultat

Votre développement - résultats

Vous n’avez pas pris ce quiz depuis la dernière actualisation